000 00391nam a22001337a 4500
003 SGT
082 _a617.84
100 _aMANGARAJ, DIPTIRANJAN
245 _aCommunity Survey Of Awareness About The Knowledge Of Physiotherapy Services Amongst Health Care Proffssion Students
260 _aSGT UNIVERSITY
_c2021
300 _a78
650 _aCommunity Survey Of Awareness
942 _2ddc
_cTH
999 _c26362
_d26362